[Event "Ceske sachove vanoce 2009"]
[Site "Litomysl (CZE)"]
[Date "2009.12.28"]
[Round "4.11"]
[White "Hillmann, Michael"]
[Black "Novak, Pavel"]
[Result "0-1"]
[WhiteElo "2150"]
[BlackElo "2377"]
[PlyCount "56"]
[EventDate "2009.12.26"]

1. d4 d5 2. Nf3 c5 3. c4 e6 4. Nc3 Nc6 5. cxd5 exd5 6. g3 Nf6 7. Bg2 Be7 8. O-O
O-O 9. Bg5 c4 10. Ne5 Be6 11. Nxc6 bxc6 12. Na4 Nd7 13. Bxe7 Qxe7 14. b3 Rac8
15. bxc4 dxc4 16. Qc2 f5 17. Nb2 Qf7 18. Rac1 Nb6 19. a4 c5 20. d5 Nxd5 21.
Bxd5 Bxd5 22. Nxc4 Rfd8 23. Rfd1 f4 24. e4 Bxc4 25. Rxd8+ Rxd8 26. Qxc4 Rd1+
27. Kg2 f3+ 28. Kh3 Rxc1 0-1

[Event "Ceske sachove vanoce 2009"]
[Site "Litomysl (CZE)"]
[Date "2009.12.28"]
[Round "4.12"]
[White "Sodoma, Jan"]
[Black "Duchrow, Oliver"]
[Result "1-0"]
[WhiteElo "2355"]
[BlackElo "2152"]
[PlyCount "99"]
[EventDate "2009.12.26"]

1. d4 f5 2. Nf3 Nf6 3. g3 g6 4. b3 Bg7 5. Bb2 Ne4 6. Nbd2 O-O 7. Bg2 c5 8. O-O
Nc6 9. e3 b5 10. Qc1 Ba6 11. Rd1 b4 12. Nxe4 fxe4 13. Ne5 Nxe5 14. dxe5 Be2 15.
Rd5 Qc7 16. Bxe4 e6 17. Rd6 Bf3 18. Bxf3 Rxf3 19. Qd2 Raf8 20. Rf1 R8f7 21. e4
Qb7 22. Qe2 Bh6 23. Rd3 Qa6 24. Re3 Qxe2 25. Rxe2 Kf8 26. Rd1 Ke8 27. Rd6 Kd8
28. Kg2 Kc7 29. h4 Bg7 30. Rd3 Rxd3 31. cxd3 h6 32. f4 h5 33. Rc2 Kb6 34. d4
Bf8 35. d5 exd5 36. exd5 d6 37. Re2 Rf5 38. Re4 Kb5 39. Kh3 a5 40. g4 hxg4+ 41.
Kxg4 Be7 42. exd6 Bxd6 43. Be5 Be7 44. Bc7 Bf6 45. Re6 c4 46. bxc4+ Kxc4 47. d6
Kd5 48. Rxf6 Rxf6 49. d7 Rf8 50. Bxa5 1-0

[Event "Ceske sachove vanoce 2009"]
[Site "Litomysl (CZE)"]
[Date "2009.12.28"]
[Round "4.13"]
[White "Heinzel, Olaf"]
[Black "Olsarova, Tereza"]
[Result "1-0"]
[WhiteElo "2332"]
[BlackElo "2164"]
[PlyCount "123"]
[EventDate "2009.12.26"]

1. d4 c5 2. d5 Nf6 3. Bg5 Qb6 4. Nc3 Qxb2 5. Bd2 Qb6 6. e4 d6 7. f4 g6 8. e5
dxe5 9. fxe5 Nfd7 10. Nf3 Bg7 11. Rb1 Qd8 12. e6 fxe6 13. dxe6 Nf6 14. Bb5+ Nc6
15. Ne5 Qd6 16. Qe2 O-O 17. Nxc6 bxc6 18. Bc4 Nd5 19. Ne4 Qxe6 20. Nxc5 Qxe2+
21. Kxe2 Bg4+ 22. Ke1 Rab8 23. Rxb8 Rxb8 24. Kf2 Bf5 25. Nd3 Bxd3 26. Bxd3 Rb2
27. a4 Bc3 28. Bxc3 Nxc3 29. Bc4+ Kg7 30. Bb3 c5 31. Ke3 c4 32. Bxc4 Nxa4 33.
Bb3 Nc5 34. Kd4 Nxb3+ 35. Kc3 Ra2 36. Kxb3 Ra5 37. c4 Rc5 38. Kb4 Rc8 39. Rf1
e5 40. c5 Rf8 41. Ra1 e4 42. Rxa7+ Kf6 43. Rxh7 e3 44. Ra7 Re8 45. Ra1 Ke5 46.
Kc3 Ke4 47. c6 Rc8 48. Ra4+ Kd5 49. Kd3 Rxc6 50. Kxe3 Rc3+ 51. Kf4 Rc2 52. g4
Ke6 53. Kg5 Kf7 54. Ra7+ Kf8 55. Kxg6 Rxh2 56. g5 Rg2 57. Ra8+ Ke7 58. Rg8 Rg1
59. Kh7 Rg2 60. g6 Rg1 61. Ra8 Rg2 62. Ra6 1-0

[Event "Ceske sachove vanoce 2009"]
[Site "Litomysl (CZE)"]
[Date "2009.12.28"]
[Round "4.14"]
[White "Sochor, Stanislav"]
[Black "Jedlicka, Ales"]
[Result "1/2-1/2"]
[WhiteElo "2118"]
[BlackElo "2320"]
[PlyCount "138"]
[EventDate "2009.12.26"]

1. d4 Nf6 2. Nf3 g6 3. g3 Bg7 4. Bg2 O-O 5. O-O d6 6. c4 Nbd7 7. Nc3 e5 8. h3
c6 9. e4 Qb6 10. Re1 exd4 11. Nxd4 Ne8 12. Nde2 Nc5 13. Rb1 f5 14. Be3 Qc7 15.
f3 fxe4 16. Nxe4 Nxe4 17. fxe4 Be6 18. b3 Qe7 19. Qd2 a5 20. a4 Bf7 21. Bd4 Nf6
22. Nf4 Rfe8 23. Qb2 g5 24. Nd3 Nh5 25. g4 Bxd4+ 26. Qxd4 Nf4 27. Nxf4 gxf4 28.
Qd2 Rf8 29. Rf1 Bg6 30. Rxf4 Rxf4 31. Qxf4 Rf8 32. Qe3 d5 33. cxd5 cxd5 34. Re1
Qb4 35. e5 d4 36. Qc1 d3 37. Bd5+ Kh8 38. Qe3 Rd8 39. Bc4 Qxe1+ 40. Qxe1 d2 41.
Qd1 Bc2 42. Qxc2 d1=Q+ 43. Qxd1 Rxd1+ 44. Kf2 Kg7 45. Kg3 Re1 46. Kf4 Rh1 47.
Kg3 h6 48. h4 b6 49. h5 Kf8 50. Kf4 Re1 51. Kf5 Ke7 52. e6 Rg1 53. Bd5 Rg3 54.
Bc4 Rg2 55. Bd5 Rf2+ 56. Ke5 Rf8 57. Bc4 Rg8 58. Kf5 Rg5+ 59. Kf4 Kf6 60. Kf3
Re5 61. Kf4 Re1 62. Bd5 Rd1 63. Ke4 Rg1 64. Kf4 Rc1 65. Bc4 Rc3 66. Bd5 Rc5 67.
Ke4 Rc3 68. Bc4 Rg3 69. Kf4 Rg1 1/2-1/2

[Event "Ceske sachove vanoce 2009"]
[Site "Litomysl (CZE)"]
[Date "2009.12.28"]
[Round "4.15"]
[White "Ponizil, Cyril"]
[Black "Lorenc, Oldrich"]
[Result "1-0"]
[WhiteElo "2304"]
[BlackElo "2111"]
[PlyCount "81"]
[EventDate "2009.12.26"]

1. e4 d5 2. exd5 Qxd5 3. Nc3 Qa5 4. d4 Nf6 5. Nf3 Bg4 6. h3 Bh5 7. Bd2 c6 8. g4
Bg6 9. Bg2 Qa6 10. Ne5 Nfd7 11. Nxg6 hxg6 12. Qf3 e6 13. O-O-O Nf6 14. Rhe1 Bb4
15. d5 cxd5 16. g5 Ne4 17. Nxe4 dxe4 18. Qb3 Bxd2+ 19. Rxd2 Nc6 20. Rxe4 O-O
21. Ra4 Qb6 22. Qxb6 axb6 23. Rxa8 Rxa8 24. Rd7 Rb8 25. Rc7 Nd8 26. a4 Kf8 27.
b3 Ke8 28. Kb2 Ra8 29. Bxb7 Ra5 30. h4 Rf5 31. Ba6 e5 32. Bb5+ Kf8 33. Rc8 Ke7
34. Rb8 Rxf2 35. Rxb6 e4 36. a5 Ne6 37. a6 Nd4 38. Rb7+ Ke6 39. Bc4+ Kd6 40. a7
Rxc2+ 41. Kb1 1-0

[Event "Ceske sachove vanoce 2009"]
[Site "Litomysl (CZE)"]
[Date "2009.12.28"]
[Round "4.16"]
[White "Kuciel, Wladyslaw"]
[Black "Bures, Jaroslav"]
[Result "0-1"]
[WhiteElo "2114"]
[BlackElo "2300"]
[PlyCount "110"]
[EventDate "2009.12.26"]

1. d4 Nf6 2. c4 c5 3. Nf3 cxd4 4. Nxd4 e6 5. g3 a6 6. Bg2 Qc7 7. b3 Bb4+ 8. Bd2
Be7 9. Nc3 O-O 10. O-O Nc6 11. Nf3 b6 12. Bf4 d6 13. Rc1 Qd7 14. Qd2 Rb8 15.
Rfd1 Rd8 16. e4 Qe8 17. Qe2 Bb7 18. Bh3 h6 19. Be3 Ba8 20. Na4 Nd7 21. Nd4 Nc5
22. Nc3 Bf6 23. Bg2 Nxd4 24. Bxd4 Bxd4 25. Rxd4 e5 26. Rd2 Ne6 27. Qe3 Nd4 28.
Ne2 Nxe2+ 29. Qxe2 Qc6 30. Rcd1 Qc5 31. Rd3 b5 32. cxb5 axb5 33. Qd2 Rb6 34.
Qa5 Rc8 35. Bh3 b4 36. Qxc5 Rxc5 37. f3 d5 38. exd5 Rd6 39. Kf2 Rdxd5 40. Rxd5
Bxd5 41. Bf5 Kf8 42. Rd2 Ke7 43. Ke3 g6 44. Bd3 f5 45. Rc2 Rxc2 46. Bxc2 Kf6
47. f4 g5 48. Bd3 h5 49. Bc2 exf4+ 50. gxf4 g4 51. Bd3 h4 52. Kf2 Be4 53. Bc4
Ke7 54. Bf1 Kd6 55. Ke3 Kc5 0-1

[Event "Ceske sachove vanoce 2009"]
[Site "Litomysl (CZE)"]
[Date "2009.12.28"]
[Round "4.17"]
[White "Kastner, Oldrich"]
[Black "Vrana, Jan"]
[Result "0-1"]
[WhiteElo "2102"]
[BlackElo "2298"]
[PlyCount "142"]
[EventDate "2009.12.26"]

1. Nf3 Nf6 2. c4 e6 3. Nc3 d5 4. cxd5 exd5 5. d4 Nbd7 6. Bf4 c6 7. h3 Be7 8. e3
O-O 9. Bd3 Re8 10. Qc2 Nf8 11. Ne5 Bd6 12. O-O Ng6 13. Nxg6 hxg6 14. Bxd6 Qxd6
15. Rfe1 Be6 16. a3 g5 17. f3 Rac8 18. Qf2 Nh5 19. g4 Nf6 20. Qh2 Qxh2+ 21.
Kxh2 g6 22. Rad1 Red8 23. Bb1 Kg7 24. Kg3 Rc7 25. Rc1 Re7 26. Ne2 Bc8 27. Kf2
Rh8 28. Ng1 Ne8 29. e4 Nc7 30. e5 Ne6 31. Rcd1 Nf4 32. Kg3 b6 33. Bd3 c5 34.
Bf1 Bb7 35. b4 cxd4 36. Rxd4 Rhe8 37. h4 Rxe5 38. Rxe5 Rxe5 39. hxg5 Ne6 40.
Rd1 Re3 41. Bd3 d4 42. Bc4 Nxg5 43. Rxd4 Nxf3 44. Kf2 Rxa3 45. Rd7 Ne5 46. Rxb7
Nxc4 47. Nf3 Nd6 48. Rd7 Ne4+ 49. Ke2 Nf6 50. Rd4 a5 51. g5 Nh7 52. Rd6 axb4
53. Rxb6 Ra5 54. Rxb4 Nxg5 55. Nd4 Re5+ 56. Kd3 Ne6 57. Nc6 Rc5 58. Rb6 g5 59.
Na7 Kf6 60. Nb5 Ke5 61. Na3 Nf4+ 62. Kd2 f5 63. Rb8 Nd5 64. Re8+ Kf4 65. Nc2
Nf6 66. Re6 Ne4+ 67. Kd1 Rd5+ 68. Ke1 g4 69. Nb4 Rd4 70. Nc2 Rd3 71. Nb4 Re3+
0-1

[Event "Ceske sachove vanoce 2009"]
[Site "Litomysl (CZE)"]
[Date "2009.12.28"]
[Round "4.18"]
[White "Svoboda, Vaclav"]
[Black "Pekar, Vaclav"]
[Result "1/2-1/2"]
[WhiteElo "2292"]
[BlackElo "2072"]
[PlyCount "114"]
[EventDate "2009.12.26"]

1. e4 e5 2. Nf3 Nc6 3. Bb5 Bc5 4. c3 f5 5. exf5 e4 6. d4 exf3 7. dxc5 Qe7+ 8.
Be3 fxg2 9. Rg1 d6 10. cxd6 cxd6 11. Qf3 Bd7 12. Qxg2 Nh6 13. Qxg7 Qxg7 14.
Rxg7 Nxf5 15. Rg5 Nxe3 16. fxe3 Ne5 17. Bxd7+ Kxd7 18. Nd2 Rag8 19. Rg3 Rxg3
20. hxg3 Ng4 21. Ke2 Re8 22. e4 d5 23. Rf1 dxe4 24. Rf7+ Re7 25. Rxe7+ Kxe7 26.
Nxe4 Ne5 27. b3 Ke6 28. Ke3 Kf5 29. c4 h5 30. c5 b6 31. b4 bxc5 32. Nxc5 Nc4+
33. Kd4 Nd6 34. Ke3 Kg4 35. Kf2 Nf5 36. Ne4 h4 37. gxh4 Nxh4 38. Nd6 Kf4 39.
Nb5 Ke4 40. Nxa7 Nf5 41. b5 Kd5 42. b6 Nd6 43. Nc8 Nb7 44. Ke3 Na5 45. Kd3 Kc5
46. Kc3 Kb5 47. a3 Nc6 48. a4+ Kxa4 49. Kc4 Nb8 50. b7 Ka5 51. Kc5 Ka6 52. Nd6
Ka7 53. Kb5 Na6 54. Kc6 Kb8 55. Kb6 Nc7 56. Kc6 Na6 57. Nb5 Nc5 1/2-1/2

[Event "Ceske sachove vanoce 2009"]
[Site "Litomysl (CZE)"]
[Date "2009.12.28"]
[Round "4.19"]
[White "Schuetze, Norman"]
[Black "Cizinsky, Petr"]
[Result "1-0"]
[WhiteElo "2269"]
[BlackElo "2062"]
[PlyCount "45"]
[EventDate "2009.12.26"]

1. e4 c5 2. Nf3 d6 3. d4 cxd4 4. Nxd4 Nf6 5. Nc3 a6 6. Be3 e5 7. Nb3 Be6 8. f3
Nbd7 9. g4 Nb6 10. g5 Nh5 11. Qd2 h6 12. gxh6 g6 13. O-O-O Rc8 14. Kb1 Qc7 15.
Qf2 Nc4 16. Bxc4 Qxc4 17. Nd5 Bxd5 18. Rxd5 Nf6 19. Rd3 Qb5 20. Rhd1 Rc6 21.
Bg5 Be7 22. Qh4 Ng8 23. h7 1-0

[Event "Ceske sachove vanoce 2009"]
[Site "Litomysl (CZE)"]
[Date "2009.12.28"]
[Round "4.20"]
[White "Macka, Oto"]
[Black "Weglarz, Leszek"]
[Result "1/2-1/2"]
[WhiteElo "2065"]
[BlackElo "2233"]
[PlyCount "57"]
[EventDate "2009.12.26"]

1. c4 e6 2. Nc3 d5 3. d4 Be7 4. cxd5 exd5 5. Bf4 c6 6. e3 Bd6 7. Bxd6 Qxd6 8.
Bd3 Ne7 9. Qc2 Nd7 10. Nf3 Nf6 11. O-O g6 12. Rab1 Bf5 13. b4 O-O 14. Ne5 Bxd3
15. Qxd3 a5 16. bxa5 Qc7 17. f4 Rxa5 18. a4 Ne8 19. Rb3 Nd6 20. Rc1 f6 21. Nf3
Qd7 22. h3 Ra7 23. Rc2 Nef5 24. g4 Ng3 25. Rg2 Nge4 26. Rb4 Nxc3 27. Qxc3 Re8
28. Nd2 Re7 29. Rg3 1/2-1/2

[Event "Ceske sachove vanoce 2009"]
[Site "Litomysl (CZE)"]
[Date "2009.12.29"]
[Round "5.1"]
[White "Heberla, Bartolomiej"]
[Black "Petr, Martin"]
[Result "1/2-1/2"]
[WhiteElo "2515"]
[BlackElo "2495"]
[PlyCount "72"]
[EventDate "2009.12.26"]

1. c4 Nf6 2. Nc3 d5 3. cxd5 Nxd5 4. g3 g6 5. Bg2 Nxc3 6. bxc3 Bg7 7. Rb1 Nc6 8.
Nf3 O-O 9. O-O Na5 10. d3 Bxc3 11. Bd2 Bxd2 12. Qxd2 c6 13. Rfc1 f6 14. Rb4 e5
15. d4 e4 16. Ne1 Re8 17. f3 b6 18. fxe4 c5 19. Ra4 Bd7 20. Rxa5 bxa5 21. Rxc5
Rc8 22. Nd3 Qb6 23. h4 Bg4 24. Kh2 Rxc5 25. dxc5 Qc7 26. Qc3 Kg7 27. Nf4 Be6
28. a3 Bf7 29. Bf3 Rc8 30. Nd3 Re8 31. Nf4 a4 32. Nd3 h5 33. Kg2 Bb3 34. Qd4
Rd8 35. Qc3 Re8 36. Qd4 Rd8 1/2-1/2

[Event "Ceske sachove vanoce 2009"]
[Site "Litomysl (CZE)"]
[Date "2009.12.29"]
[Round "5.2"]
[White "Bernasek, Jan"]
[Black "Simacek, Pavel"]
[Result "1-0"]
[WhiteElo "2476"]
[BlackElo "2513"]
[PlyCount "79"]
[EventDate "2009.12.26"]

1. d4 Nf6 2. c4 c5 3. d5 e6 4. Nc3 exd5 5. cxd5 d6 6. e4 g6 7. f4 Bg7 8. Bb5+
Nbd7 9. e5 dxe5 10. fxe5 Nh5 11. e6 Qh4+ 12. Kd2 Bxc3+ 13. bxc3 Qf4+ 14. Kc2
Qe4+ 15. Qd3 Qxg2+ 16. Qe2 Qxe2+ 17. Nxe2 fxe6 18. dxe6 a6 19. Bxd7+ Bxd7 20.
exd7+ Kxd7 21. Ng3 Nf6 22. Bg5 Nd5 23. Rad1 Kc6 24. Rhe1 Rae8 25. c4 Nb6 26.
Kb3 Rhf8 27. Rxe8 Rxe8 28. Rf1 Nd7 29. Rf7 h5 30. Rg7 Re6 31. a4 h4 32. Nf1 Ne5
33. a5 b5 34. axb6 Kxb6 35. Ne3 Kc6 36. Bf4 Nd7 37. Nd5 a5 38. Ne7+ Kb7 39.
Nxg6 Ka6 40. Rxd7 1-0

[Event "Ceske sachove vanoce 2009"]
[Site "Litomysl (CZE)"]
[Date "2009.12.29"]
[Round "5.3"]
[White "Tazbir, Marcin"]
[Black "Stupak, Kirill"]
[Result "1-0"]
[WhiteElo "2497"]
[BlackElo "2456"]
[PlyCount "87"]
[EventDate "2009.12.26"]

1. d4 e6 2. c4 Bb4+ 3. Bd2 a5 4. g3 d6 5. Bg2 e5 6. e3 exd4 7. exd4 Nf6 8. Ne2
O-O 9. O-O d5 10. cxd5 Nxd5 11. Nbc3 Be6 12. Nf4 Nxf4 13. Bxf4 Bxc3 14. bxc3 c6
15. Qb1 Qc8 16. Rc1 Rd8 17. a4 h6 18. Qb2 Bd5 19. Rab1 Bxg2 20. Kxg2 Rd7 21.
Re1 Na6 22. Re5 c5 23. d5 c4 24. Qb5 Nc7 25. Qc5 f6 26. Rf5 Ne8 27. Qxc8 Rxc8
28. d6 g5 29. Be3 Nxd6 30. Rd5 Kf7 31. Bb6 Ke6 32. Rbd1 Rc6 33. Bxa5 Rg7 34.
Bb4 Ne8 35. Rd8 Kf7 36. Rb8 b6 37. Rdd8 Nc7 38. Rb7 Ke6 39. a5 b5 40. Rh8 Rd7
41. Rc8 Rf7 42. a6 Kd7 43. a7 Kxc8 44. Rxc7+ 1-0

[Event "Ceske sachove vanoce 2009"]
[Site "Litomysl (CZE)"]
[Date "2009.12.29"]
[Round "5.5"]
[White "Bures, Jaroslav"]
[Black "Bulski, Krzysztof"]
[Result "0-1"]
[WhiteElo "2300"]
[BlackElo "2416"]
[PlyCount "68"]
[EventDate "2009.12.26"]

1. e4 e5 2. Nf3 Nc6 3. Bb5 a6 4. Ba4 Nf6 5. O-O Nxe4 6. d4 b5 7. Bb3 d5 8. dxe5
Be6 9. Nbd2 Be7 10. c3 O-O 11. Bc2 f5 12. Nb3 Qd7 13. Nbd4 Nxd4 14. Nxd4 c5 15.
Nxe6 Qxe6 16. f3 Ng5 17. a4 b4 18. cxb4 c4 19. Qd4 Rab8 20. b3 Rfd8 21. g4 fxg4
22. Bxg5 Bxg5 23. bxc4 gxf3 24. Rxf3 dxc4 25. Qe4 g6 26. Raf1 Rxb4 27. Kh1 Be7
28. Qe3 Rbb8 29. Rh3 Rf8 30. Rg1 Bc5 31. Qxc5 Qxh3 32. Be4 Kh8 33. Qd4 Rbd8 34.
Bd5 Qf3+ 0-1

[Event "Ceske sachove vanoce 2009"]
[Site "Litomysl (CZE)"]
[Date "2009.12.29"]
[Round "5.6"]
[White "Plat, Vojtech"]
[Black "Novotny, Michal"]
[Result "1-0"]
[WhiteElo "2388"]
[BlackElo "2292"]
[PlyCount "83"]
[EventDate "2009.12.26"]

1. b3 c5 2. Bb2 b6 3. e3 Bb7 4. Nf3 e6 5. d4 Nf6 6. Bd3 cxd4 7. exd4 d5 8. Nbd2
Be7 9. O-O O-O 10. Qe2 Nc6 11. a3 Rc8 12. Rac1 Qc7 13. Ne5 Nxe5 14. dxe5 Nd7
15. f4 Nc5 16. f5 Bg5 17. h4 Bh6 18. f6 Ne4 19. fxg7 Rfd8 20. Nf3 Kxg7 21. Ng5
Qc5+ 22. Kh2 Bxg5 23. hxg5 d4 24. Rf4 Nxg5 25. Rcf1 Kh8 26. Bc1 Rg8 27. Rg4 f6
28. Rxf6 Ne4 29. Rxe4 Bxe4 30. Qxe4 Rc7 31. Rh6 Rgg7 32. Rxe6 Rce7 33. Rc6
Qxe5+ 34. Qxe5 Rxe5 35. Bf4 Rh5+ 36. Kg1 Rd7 37. Bh6 Rc5 38. Rf6 Rd8 39. Rf7 a6
40. Rxh7+ Kg8 41. Ra7 Rd6 42. Ra8+ 1-0

[Event "Ceske sachove vanoce 2009"]
[Site "Litomysl (CZE)"]
[Date "2009.12.29"]
[Round "5.8"]
[White "Novak, Pavel"]
[Black "Schuetze, Norman"]
[Result "1-0"]
[WhiteElo "2377"]
[BlackElo "2269"]
[PlyCount "41"]
[EventDate "2009.12.26"]

1. e4 e6 2. d4 d5 3. Nc3 Nf6 4. Bg5 dxe4 5. Nxe4 Be7 6. Bxf6 gxf6 7. Nf3 f5 8.
Ng3 c5 9. c3 Nc6 10. Bb5 Qb6 11. Qe2 cxd4 12. Nxd4 Bd7 13. O-O Kf8 14. Qe3 h5
15. Bxc6 Bxc6 16. Rfe1 Re8 17. Qf4 h4 18. Nxe6+ fxe6 19. Rxe6 Rh7 20. Nxf5 Kf7
21. Rae1 1-0

[Event "Ceske sachove vanoce 2009"]
[Site "Litomysl (CZE)"]
[Date "2009.12.29"]
[Round "5.9"]
[White "Seifert, Volker"]
[Black "Krupa, Monika"]
[Result "1-0"]
[WhiteElo "2355"]
[BlackElo "2216"]
[PlyCount "127"]
[EventDate "2009.12.26"]

1. d4 Nf6 2. c4 e6 3. Nc3 Bb4 4. Qc2 O-O 5. a3 Bxc3+ 6. Qxc3 Ne4 7. Qc2 f5 8.
Nh3 d6 9. f3 Nf6 10. e3 e5 11. dxe5 dxe5 12. Be2 Nc6 13. O-O Qe7 14. Nf2 f4 15.
Rd1 Be6 16. b4 Rad8 17. Bd3 fxe3 18. Bxe3 Nd4 19. Qb2 Nh5 20. Ne4 Nf4 21. Bf1
Bf5 22. Bxf4 Bxe4 23. Bg3 Bg6 24. Re1 Nc2 25. Rxe5 Qf6 26. Rc1 Rd2 27. Qc3 Rfd8
28. c5 h6 29. b5 Kh7 30. Qa5 b6 31. cxb6 axb6 32. Qc3 R8d7 33. Qc6 R2d6 34. Qc4
Rd4 35. Qc6 R4d6 36. Qc4 Rd4 37. Qc3 Rd2 38. a4 Kh8 39. Qc6 R2d6 40. Qc3 Rd4
41. Qc6 R4d6 42. Qc3 Rd2 43. f4 Kh7 44. Qc6 R2d6 45. Qf3 Nd4 46. Qc3 c5 47. a5
bxa5 48. Rxc5 a4 49. f5 Bxf5 50. Bxd6 Rxd6 51. Rc7 Qg5 52. Qg3 Qf6 53. Ra7 Rd5
54. Rxa4 Qf8 55. b6 Rc5 56. Rd1 Rd5 57. Rc1 Be4 58. b7 Rd8 59. Bd3 Kh8 60. Ra8
Rxa8 61. bxa8=Q Qxa8 62. Re1 Bxd3 63. Qxd3 Nb3 64. Qg6 1-0

[Event "Ceske sachove vanoce 2009"]
[Site "Litomysl (CZE)"]
[Date "2009.12.29"]
[Round "5.10"]
[White "Skliba, Martin"]
[Black "Sodoma, Jan"]
[Result "1/2-1/2"]
[WhiteElo "2281"]
[BlackElo "2355"]
[PlyCount "22"]
[EventDate "2009.12.26"]

1. d4 Nf6 2. c4 e6 3. Nc3 Bb4 4. e3 c5 5. Nge2 cxd4 6. exd4 d5 7. a3 Be7 8. Nf4
O-O 9. cxd5 Nxd5 10. Ncxd5 exd5 11. Be2 Bg5 1/2-1/2

[Event "Ceske sachove vanoce 2009"]
[Site "Litomysl (CZE)"]
[Date "2009.12.29"]
[Round "5.11"]
[White "Zakharchenko, Arnold"]
[Black "Heinzel, Olaf"]
[Result "1/2-1/2"]
[WhiteElo "2206"]
[BlackElo "2332"]
[PlyCount "92"]
[EventDate "2009.12.26"]

1. d4 Nf6 2. c4 c5 3. d5 b5 4. cxb5 a6 5. bxa6 Bxa6 6. Nc3 d6 7. g3 g6 8. Bg2
Bg7 9. Nf3 O-O 10. O-O Nbd7 11. Rb1 Qa5 12. Bd2 Nb6 13. b3 Qa3 14. Ne1 Bb7 15.
Nc2 Qa6 16. e4 e6 17. dxe6 fxe6 18. e5 dxe5 19. Bxb7 Qxb7 20. Qe2 Nfd5 21. a4
Qc6 22. a5 Nxc3 23. Bxc3 Nd5 24. Bd2 e4 25. Qxe4 Nb4 26. Qc4 Nxc2 27. Qxc2 Bd4
28. Bc3 Qb5 29. Bxd4 cxd4 30. Qe4 Qxa5 31. Qxd4 Rad8 32. Qe3 Qd5 33. Rbd1 Qxd1
34. Qxe6+ Rf7 35. Rxd1 Rxd1+ 36. Kg2 Rd2 37. Qe8+ Rf8 38. Qe3 Rd6 39. Qc5 Rd7
40. h4 h5 41. Qc6 Rg7 42. Qd6 Rf5 43. Qc6 Kh7 44. f3 Rf8 45. Qd5 Rf5 46. Qc6
Rf8 1/2-1/2

[Event "Ceske sachove vanoce 2009"]
[Site "Litomysl (CZE)"]
[Date "2009.12.29"]
[Round "5.12"]
[White "Fuchs, Judith"]
[Black "Ponizil, Cyril"]
[Result "0-1"]
[WhiteElo "2188"]
[BlackElo "2304"]
[PlyCount "72"]
[EventDate "2009.12.26"]

1. e4 c5 2. Nf3 Nc6 3. d4 cxd4 4. Nxd4 Nf6 5. Nc3 d6 6. Bg5 Bd7 7. Qd2 Nxd4 8.
Qxd4 Qa5 9. f4 e5 10. Qd2 Be7 11. O-O-O Bc6 12. Bxf6 Bxf6 13. f5 Rc8 14. Kb1
Be7 15. g4 Qc5 16. h4 b5 17. Rh3 a6 18. g5 h6 19. Rg3 hxg5 20. hxg5 b4 21. Nd5
Bxd5 22. exd5 a5 23. c3 Rh4 24. Rc1 Rf4 25. Qc2 Rf2 26. Qd3 Rb8 27. c4 a4 28.
f6 gxf6 29. g6 Kd7 30. g7 Rg8 31. Qh7 Qd4 32. Rgc3 bxc3 33. c5 Rxb2+ 34. Ka1
Rbb8 35. Qh3+ Kc7 36. cxd6+ Kxd6 0-1

[Event "Ceske sachove vanoce 2009"]
[Site "Litomysl (CZE)"]
[Date "2009.12.29"]
[Round "5.13"]
[White "Kanovsky, David"]
[Black "Kotva, Milan"]
[Result "1-0"]
[WhiteElo "2471"]
[BlackElo "2051"]
[PlyCount "73"]
[EventDate "2009.12.26"]

1. e4 e5 2. Nf3 Nc6 3. d4 exd4 4. Nxd4 Bc5 5. Be3 Qf6 6. c3 Nge7 7. g3 d6 8.
Bg2 Bd7 9. O-O O-O 10. h3 a6 11. Kh2 Rad8 12. Nc2 Ne5 13. b3 Bb5 14. c4 Bc6 15.
Bd4 Bxd4 16. Nxd4 b5 17. cxb5 Bxb5 18. Nxb5 axb5 19. Nc3 b4 20. Na4 c5 21. f4
N5c6 22. Rc1 Qg6 23. Qe1 Nd4 24. e5 Rfe8 25. Qf2 Nef5 26. g4 Nh6 27. Rfe1 f5
28. exf6 gxf6 29. Nb6 Kh8 30. Nd5 Ng8 31. Nxb4 h5 32. Nc6 Nxc6 33. Bxc6 Re7 34.
Qh4 Qd3 35. Rxe7 Nxe7 36. Qxf6+ Kg8 37. Qxe7 1-0

[Event "Ceske sachove vanoce 2009"]
[Site "Litomysl (CZE)"]
[Date "2009.12.29"]
[Round "5.14"]
[White "Cerveny, Martin"]
[Black "Blazkova, Petra"]
[Result "1-0"]
[WhiteElo "2353"]
[BlackElo "2178"]
[PlyCount "67"]
[EventDate "2009.12.26"]

1. d4 e6 2. c4 Nf6 3. Nf3 Bb4+ 4. Nbd2 b6 5. a3 Bxd2+ 6. Qxd2 Bb7 7. e3 Ne4 8.
Qc2 f5 9. Be2 Ng5 10. d5 O-O 11. b4 Nxf3+ 12. gxf3 e5 13. f4 exf4 14. exf4 d6
15. Bb2 Nd7 16. Rg1 Rf7 17. Rg5 Nf6 18. Bd3 Qe7+ 19. Kd2 Re8 20. Rag1 b5 21.
Bxf5 Bc8 22. Bd3 bxc4 23. Qxc4 Bb7 24. Qd4 c5 25. dxc6 Bxc6 26. Bc4 d5 27. Bd3
Rd8 28. f3 Rd7 29. Re5 Qd8 30. Bf5 Ne4+ 31. Ke3 Rde7 32. fxe4 Rf6 33. Rxe7 Qxe7
34. Qxf6 1-0

[Event "Ceske sachove vanoce 2009"]
[Site "Litomysl (CZE)"]
[Date "2009.12.29"]
[Round "5.16"]
[White "Jurkiewicz, Krzysztof"]
[Black "Sabol, Marian"]
[Result "0-1"]
[WhiteElo "2158"]
[BlackElo "2343"]
[PlyCount "78"]
[EventDate "2009.12.26"]

1. d4 c5 2. d5 Nf6 3. Nc3 d6 4. e4 g6 5. f4 Bg7 6. e5 dxe5 7. fxe5 Nfd7 8. e6
fxe6 9. dxe6 Nf8 10. Bb5+ Nc6 11. Qf3 Nxe6 12. Bxc6+ bxc6 13. Nge2 Nd4 14. Nxd4
cxd4 15. Ne2 Qd5 16. O-O Qxf3 17. Rxf3 Bg4 18. Rf2 Rf8 19. h3 Rxf2 20. Kxf2 Bf5
21. c3 c5 22. g4 Bc2 23. Bd2 e5 24. Rc1 Bd3 25. cxd4 cxd4 26. Rc7 Kf8 27. Bb4+
Kg8 28. Nc1 Bb1 29. a4 a5 30. Bd6 Rd8 31. Be7 Rb8 32. b4 axb4 33. a5 b3 34. a6
Be4 35. a7 Rb5 36. Rc8+ Kf7 37. Bg5 b2 38. Rc7+ Ke6 39. Re7+ Kd6 0-1

[Event "Ceske sachove vanoce 2009"]
[Site "Litomysl (CZE)"]
[Date "2009.12.29"]
[Round "5.17"]
[White "Jedlicka, Ales"]
[Black "Pokorny, Petr"]
[Result "1-0"]
[WhiteElo "2320"]
[BlackElo "2191"]
[PlyCount "57"]
[EventDate "2009.12.26"]

1. c4 f5 2. g3 Nf6 3. Bg2 e6 4. Nf3 d5 5. O-O Bd6 6. Nc3 O-O 7. d3 c6 8. cxd5
exd5 9. e4 fxe4 10. dxe4 Nxe4 11. Nxe4 dxe4 12. Qb3+ Kh8 13. Ng5 Qc7 14. Nxe4
Be7 15. Bf4 Qb6 16. Qc3 Qb4 17. Qe3 Bf5 18. Rad1 Qb6 19. Nd6 Qxe3 20. fxe3 Bg4
21. Rd2 Bxd6 22. Rxd6 Na6 23. h3 Bh5 24. g4 Bf7 25. Rd7 Nc5 26. Re7 Bxa2 27.
Bd6 Rxf1+ 28. Kxf1 b6 29. Be5 1-0

[Event "Ceske sachove vanoce 2009"]
[Site "Litomysl (CZE)"]
[Date "2009.12.29"]
[Round "5.18"]
[White "Konstacky, Matej"]
[Black "Svoboda, Vaclav"]
[Result "1/2-1/2"]
[WhiteElo "2117"]
[BlackElo "2292"]
[PlyCount "76"]
[EventDate "2009.12.26"]

1. e4 c5 2. Nc3 Nc6 3. g3 g6 4. Bg2 Bg7 5. d3 e6 6. f4 Nge7 7. Nf3 d6 8. O-O
O-O 9. Be3 Nd4 10. Qd2 Rb8 11. a4 a6 12. Qf2 Nec6 13. Nd1 e5 14. c3 Nxf3+ 15.
Bxf3 f5 16. Qe2 Be6 17. Nf2 Qd7 18. Bg2 b6 19. h3 Rbe8 20. Qf3 Ne7 21. a5 b5
22. Rad1 Qc7 23. b4 cxb4 24. cxb4 d5 25. Rc1 Qd7 26. Qe2 fxe4 27. dxe4 d4 28.
Bd2 exf4 29. Bxf4 Nc6 30. Nd3 Bc4 31. Qd2 Ne5 32. Bxe5 Rxf1+ 33. Bxf1 Bxe5 34.
Nxe5 Rxe5 35. Bxc4+ bxc4 36. Rxc4 Rxe4 37. Qd3 Qd5 38. Rc5 Qe6 1/2-1/2

[Event "Ceske sachove vanoce 2009"]
[Site "Litomysl (CZE)"]
[Date "2009.12.29"]
[Round "5.19"]
[White "Pekar, Vaclav"]
[Black "Pecha, Tomas"]
[Result "0-1"]
[WhiteElo "2072"]
[BlackElo "2236"]
[PlyCount "70"]
[EventDate "2009.12.26"]

1. Nc3 c5 2. Nf3 e6 3. e4 a6 4. a4 Qc7 5. Bc4 Nc6 6. O-O Nf6 7. Ba2 d6 8. d4
cxd4 9. Nxd4 Be7 10. Kh1 Bd7 11. f4 h5 12. f5 Nxd4 13. Qxd4 O-O-O 14. Be3 Ng4
15. Bg1 Ne5 16. b4 Bf6 17. fxe6 fxe6 18. Rxf6 gxf6 19. b5 Rde8 20. bxa6 bxa6
21. Rb1 Kd8 22. Bd5 Bc8 23. Qb4 Ke7 24. Bd4 Kf7 25. Bxe5 dxe5 26. Bc4 Rd8 27.
Bd3 Rd4 28. Qa3 Qe7 29. Qb3 Rd7 30. Qb8 Rb7 31. Rxb7 Qxb7 32. Qxb7+ Bxb7 33. a5
Rc8 34. Na4 Bxe4 35. Nb6 Rd8 0-1